Normal view MARC view
  • Art museum curators

Entry Topical Term

Number of records used in: 1

001 - CONTROL NUMBER

  • control field: 96647

003 - CONTROL NUMBER IDENTIFIER

  • control field: NUST

005 - DATE AND TIME OF LATEST TRANSACTION

  • control field: 20220807122531.0

008 - FIXED-LENGTH DATA ELEMENTS

  • fixed length control field: 220807|| aca||aabn | a|a d

040 ## - CATALOGING SOURCE

  • Original cataloging agency: NUST
  • Transcribing agency: NUST

150 ## - HEADING--TOPICAL TERM

  • Topical term or geographic name entry element: Art museum curators
  • General subdivision: Crimes against
  • Form subdivision: Fiction

670 ## - SOURCE DATA FOUND

  • Source citation: Work cat.: (NUST)0: Brown, Dan, 1964- 4573, The Da Vinci code , 2004.
© 2023 Central Library, National University of Sciences and Technology. All Rights Reserved.